Human Factors in Software Development /

Uložené v:
Podrobná bibliografia
Hlavný autor: Curtis, Bill (Author)
Médium: Kniha
Jazyk:English
Vydané: Washington : Amsterdam : IEEEC Press North Holland, 1986.
Vydanie:2nd ed.
ISBN: 0444700838
Fyzický popis: 730 s.
Tagy: Pridať tag
Žiadne tagy, Buďte prvý kto otaguje tento záznam!

MARC

LEADER 00000nam a2200000 a 4500
001 000116607
005 20241014130959.0
008 040101s1986 xxu e eng d
020 |a 0444700838  |q (viazané)  |c Kčs 1630,00 
040 |a SVKKK  |b slo  |c SVKKK  |e AACR2 
041 0 |a eng 
044 |a xxu  |c US 
100 1 |a Curtis, Bill  |4 aut 
245 1 0 |a Human Factors in Software Development /  |c Bill Curtis. 
250 |a 2nd ed. 
260 |a Washington :  |b IEEEC Press  |a Amsterdam :  |b North Holland,  |c 1986. 
300 |a 730 s. 
910 |a svkkk 
919 |a 0-444-70083-8 
998 |a BK 
090 |g SCKHL  |k Sklad Pribinova 3. posch.  |a V.160948  |j 755328  |i 2720118543  |4 Zastaraná  |s Vyradená